| 000 | 00367nam a2200145Ia 4500 | ||
|---|---|---|---|
| 008 | 240624s9999 xx 000 0 und d | ||
| 041 | _aeng | ||
| 082 | _a658.3008 PAL | ||
| 100 | _aPALUDI MICHELE A | ||
| 245 | _aPRAEGER HANDBOOK ON UNDERSTANDING AND PR | ||
| 260 |
_c2011 _aSanta Barbara _bPraeger |
||
| 300 | _axix, 343 p.; 23 cm. | ||
| 365 |
_c _b30 |
||
| 440 | _v2 | ||
| 999 |
_c29972 _d29972 |
||